00488nam a2200145 a 450000100100000000500170001000800410002704000250006824500440009326000530013730000210019004900090021195201050022099900170032500003596720200930074748.0111121s1982 dr a 000 0 spa d aDO-SdBNPbspacBNPHU00aArte dominicano desde la independencia. aSanto Domingo :bGaleria de Arte Moderno,c1982. a136 p. ;c28 cm. aBNPD 0010718PDaPDbPDcCTd2011-11-21iLF1l0o p35967-10r2020-06-25w2020-06-25yLFPDZNo se presta c35458d35458